000 00272nam a22001097a 4500
999 _c64847
_d64844
082 _a297.63 ASL
100 _aمحمد اسلم
245 _aرسول اللہ کی زرعی منصوبُ بندی
260 _aراو لپندی
_c۱۹۸۶
300 _a۲۲۸
942 _cBK